University Home | Library Home | Institutional Repository

Le chateau des brouillards : (Record no. 79222)

MARC details
000 -LEADER
fixed length control field 00629cam7a220021700 4500
001 - CONTROL NUMBER
control field qcf00203037
005 - DATE AND TIME OF LATEST TRANSACTION
control field 20190816084246.0
008 - FIXED-LENGTH DATA ELEMENTS--GENERAL INFORMATION
fixed length control field 751014s1932 fr 000 0 fre
010 ## - LIBRARY OF CONGRESS CONTROL NUMBER
LC control number 32012183
035 ## - SYSTEM CONTROL NUMBER
System control number (Sirsi) r124009
035 ## - SYSTEM CONTROL NUMBER
System control number (QCAT)lss01032596
035 ## - SYSTEM CONTROL NUMBER
System control number (UPRA)qcf00203037
040 ## - CATALOGING SOURCE
Modifying agency UPRA
050 0# - LIBRARY OF CONGRESS CALL NUMBER
Classification number PQ2607.O64
Item number C5
082 ## - DEWEY DECIMAL CLASSIFICATION NUMBER
Classification number 843.91
100 1# - MAIN ENTRY--PERSONAL NAME
Personal name Dorgeles, Roland, 1886-1973.
Dates associated with a name Dorgeles, Roland, 1886-1973.
Linkage A92144.1
245 13 - TITLE STATEMENT
Title Le chateau des brouillards :
Remainder of title roman.
260 ## - PUBLICATION, DISTRIBUTION, ETC.
Place of publication, distribution, etc. Paris :
Name of publisher, distributor, etc. A. Michel,
Date of publication, distribution, etc. [c1932]
949 ## - LOCAL PROCESSING INFORMATION (OCLC)
a PQ2607.O64
w lcc
i -178222
m MAIN
t BOOK
l ON-SHELF

No items available.

© 2026 - The University of Zambia Library - Koha v25.11